[Event "Campinas op 08"]
[Site "Campinas"]
[Date "2009.08.30"]
[Round "5"]
[White "Tasca, Fabiana"]
[Black "Goncalves, Marcus Vinicius M"]
[Result "0-1"]
[WhiteElo "1657"]
[BlackElo "1813"]
[PlyCount "48"]
[EventDate "2009.08.28"]
[EventType "swiss"]
[EventRounds "5"]
[EventCountry "BRA"]
[SourceTitle "EXT 2022"]
[Source "ChessBase"]
[SourceDate "2021.10.06"]
[SourceVersion "1"]
[SourceVersionDate "2021.10.06"]
[SourceQuality "1"]

1. d4 Nf6 2. Nf3 c5 3. d5 c4 4. Nc3 a6 5. Bg5 b5 6. Bxf6 gxf6 7. a3 d6 8. e4 Bg7 9. Rb1 f5 10. Qd2 Qa5 11. Rc1 fxe4 12. Ng5 Bf5 13. b4 cxb3 14. Ne2 Qxd2+ 15. Kxd2 b2 16. Rb1 Bh6 17. h4 f6 18. Nd4 Bd7 19. f4 exf3 20. Ndxf3 Bg4 21. Rxb2 Bxf3 22. gxf3 fxg5 23. hxg5 Bxg5+ 24. Kd3 Nd7 0-1

[Event "Campinas IRT LCX 15th"]
[Site "Campinas"]
[Date "2009.08.14"]
[Round "7"]
[White "Tasca, Fabiana"]
[Black "Freitas, Romeu Salvador"]
[Result "1/2-1/2"]
[WhiteElo "1657"]
[BlackElo "2204"]
[PlyCount "42"]
[EventDate "2008.07.24"]
[EventType "tourn"]
[EventRounds "11"]
[EventCountry "BRA"]
[SourceTitle "EXT 2022"]
[Source "ChessBase"]
[SourceDate "2021.10.06"]
[SourceVersion "1"]
[SourceVersionDate "2021.10.06"]
[SourceQuality "1"]

1. d4 Nf6 2. c4 g6 3. Nc3 d5 4. Nf3 Bg7 5. Bg5 Ne4 6. cxd5 Nxc3 7. bxc3 Qxd5 8. Qb3 Qxb3 9. axb3 e6 10. e3 0-0 11. c4 Nc6 12. Bd3 e5 13. dxe5 Nxe5 14. Nxe5 Bxe5 15. Ra2 Kg7 16. Ke2 h6 17. Bh4 g5 18. Bg3 Bxg3 19. hxg3 Be6 20. Rha1 a6 21. b4 Rad8 1/2-1/2

[Event "Campinas IRT LCX 15th"]
[Site "Campinas"]
[Date "2009.08.12"]
[Round "6"]
[White "Goncalves, Marcus Vinicius M"]
[Black "Tasca, Fabiana"]
[Result "1-0"]
[WhiteElo "1813"]
[BlackElo "1657"]
[PlyCount "55"]
[EventDate "2008.07.24"]
[EventType "tourn"]
[EventRounds "11"]
[EventCountry "BRA"]
[SourceTitle "EXT 2022"]
[Source "ChessBase"]
[SourceDate "2021.10.06"]
[SourceVersion "1"]
[SourceVersionDate "2021.10.06"]
[SourceQuality "1"]

1. e4 e5 2. d4 d6 3. Nf3 Nc6 4. Bc4 Nf6 5. Nc3 Nb4 6. 0-0 d5 7. exd5 e4 8. Re1 Nfxd5 9. Rxe4+ Be6 10. h3 Nxc3 11. bxc3 Nd5 12. Qe1 Be7 13. Rxe6 Qd7 14. Bxd5 fxe6 15. Bxe6 Qd6 16. a4 Rf8 17. Ba3 Qd8 18. Bg4 Rf7 19. Ng5 Rf4 20. Qe6 Rxg4 21. Qxg4 Bxa3 22. Rxa3 Qe7 23. Qe6 h6 24. Qxe7+ Kxe7 25. Ne4 Kf8 26. Rb3 Rb8 27. f3 b6 28. Rb5 1-0

[Event "Campinas op 08"]
[Site "Campinas"]
[Date "2009.08.02"]
[Round "5"]
[White "Leme, Rogerio Luis"]
[Black "Tasca, Fabiana"]
[Result "1/2-1/2"]
[WhiteElo "2500"]
[BlackElo "2500"]
[PlyCount "53"]
[EventDate "2009.07.31"]
[EventType "swiss"]
[EventRounds "5"]
[EventCountry "BRA"]
[SourceTitle "EXT 2012"]
[Source "ChessBase"]
[SourceDate "2011.11.24"]
[SourceVersion "1"]
[SourceVersionDate "2011.11.24"]
[SourceQuality "1"]

1. e4 Nc6 2. Bc4 Nf6 3. f4 d5 4. exd5 Nxd5 5. Bxd5 Qxd5 6. Qf3 Qf5 7. d3 Nd4 8. Qf2 e6 9. Nf3 Bb4+ 10. c3 Nxf3+ 11. Qxf3 Ba5 12. 0-0 0-0 13. Bd2 Rd8 14. d4 c5 15. Be3 Qc2 16. Na3 Qxb2 17. Nc4 Qxc3 18. Nxa5 Qxa5 19. dxc5 Bd7 20. Rfd1 Bc6 21. Qf2 Qc3 22. Bd4 Qa5 23. Qg3 g6 24. Qg5 Rxd4 25. Rxd4 Bd5 26. a4 Qxc5 27. Rad1 1/2-1/2